Les vice-champions de France - Statistiques

Statistiques générales
  • Ce quiz a été pris 90 fois
    31 depuis la dernière actualisation
  • Le résultat moyen est 79 sur 86
Statistiques - réponses
Saisons Clubs % Correct
1963/1964 AS Monaco
100%
1983/1984 AS Monaco
100%
1990/1991 AS Monaco
100%
1991/1992 AS Monaco
100%
2002/2003 AS Monaco
100%
2013/2014 AS Monaco
100%
2017/2018 AS Monaco
100%
2023/2024 AS Monaco
100%
1945/1946 AS Saint-Étienne
100%
1970/1971 AS Saint-Étienne
100%
1981/1982 AS Saint-Étienne
100%
1951/1952 Girondins de Bordeaux
100%
1964/1965 Girondins de Bordeaux
100%
1965/1966 Girondins de Bordeaux
100%
1968/1969 Girondins de Bordeaux
100%
1982/1983 Girondins de Bordeaux
100%
1987/1988 Girondins de Bordeaux
100%
1989/1990 Girondins de Bordeaux
100%
2005/2006 Girondins de Bordeaux
100%
2007/2008 Girondins de Bordeaux
100%
1947/1948 LOSC Lille
100%
1948/1949 LOSC Lille
100%
1949/1950 LOSC Lille
100%
1950/1951 LOSC Lille
100%
2004/2005 LOSC Lille
100%
2018/2019 LOSC Lille
100%
1937/1938 Olympique de Marseille
100%
1938/1939 Olympique de Marseille
100%
1969/1970 Olympique de Marseille
100%
1974/1975 Olympique de Marseille
100%
1986/1987 Olympique de Marseille
100%
1993/1994 Olympique de Marseille
100%
1998/1999 Olympique de Marseille
100%
2006/2007 Olympique de Marseille
100%
2008/2009 Olympique de Marseille
100%
2010/2011 Olympique de Marseille
100%
2012/2013 Olympique de Marseille
100%
2019/2020 Olympique de Marseille
100%
2021/2022 Olympique de Marseille
100%
1994/1995 Olympique Lyonnais
100%
2000/2001 Olympique Lyonnais
100%
2009/2010 Olympique Lyonnais
100%
2014/2015 Olympique Lyonnais
100%
2015/2016 Olympique Lyonnais
100%
1955/1956 RC Lens
100%
1956/1957 RC Lens
100%
1976/1977 RC Lens
100%
2001/2002 RC Lens
100%
2022/2023 RC Lens
100%
1935/1936 Olympique Lillois
97%
1988/1989 Paris SG
97%
1992/1993 Paris SG
97%
1995/1996 Paris SG
97%
1996/1997 Paris SG
97%
1999/2000 Paris SG
97%
2003/2004 Paris SG
97%
2011/2012 Paris SG
97%
2016/2017 Paris SG
97%
2020/2021 Paris SG
97%
1966/1967 FC Nantes
94%
1973/1974 FC Nantes
94%
1977/1978 FC Nantes
94%
1978/1979 FC Nantes
94%
1980/1981 FC Nantes
94%
1984/1985 FC Nantes
94%
1985/1986 FC Nantes
94%
1967/1968 OGC Nice
94%
1972/1973 OGC Nice
94%
1975/1976 OGC Nice
94%
1997/1998 FC Metz
87%
1936/1937 FC Sochaux
84%
1952/1953 FC Sochaux
84%
1979/1980 FC Sochaux
84%
1954/1955 Toulouse FC
84%
1946/1947 Stade de Reims
81%
1953/1954 Stade de Reims
81%
1962/1963 Stade de Reims
81%
1934/1935 RC Strasbourg
74%
1957/1958 Nîmes Olympique
65%
1958/1959 Nîmes Olympique
65%
1959/1960 Nîmes Olympique
65%
1971/1972 Nîmes Olympique
65%
1960/1961 RC France
35%
1961/1962 RC France
35%
1932/1933 AS Cannes
29%
1933/1934 SC Fives
13%
Aucun quiz correspondant
Distribution des résultats
% des personnes avec chaque résultat
Percentile par nombre de réponses
Votre historique - résultats
Vous n’avez pas pris ce quiz depuis la dernière actualisation